000 00444nab a2200145Ia 4500
003 ES-SlBCS
005 20210601150614.0
008 140529s1953 xxu||||| |||| 00| 0 spa d
041 _aspa
100 1 _aRubert Candáu, José María
_980094
245 0 0 _aEn torno a la interpretación del ockamismo
_c José María Rubert Candáu
650 0 4 _aOckamismo
_9133130
773 0 _tVerdad y Vida
_gvol. 11, 1953, págs. 367-372
_wRev487
942 _cAR
999 _c743651
_d743651